000 00570nam a2200217Ia 4500
003 OSt
005 20221002055045.0
006 a|||||r|||| 00| 0
007 ta
008 220930b |||||||| |||| 00| 0 eng d
024 _a71768
037 _cReference Collections
040 _aCRL
_cCRL
_beng
041 _2eng
_aeng
082 _aQ41:2k, J6(RR)
100 _aWoodward F L Au.
_9576693
245 0 _aPali tipitakam concordance
260 _c1956
942 _hQ41:2k, J6(RR)
_cref
_2CC
999 _c926640
_d926640